|
|
|
|
| LEADER |
01403nam a2200289 a 4500 |
| 001 |
2579637 |
| 008 |
100608r20061997caua b 001 0 eng d |
| 010 |
|
|
|a 96024281
|
| 020 |
|
|
|a 8177583581
|
| 020 |
|
|
|a 0201498405
|
| 040 |
|
|
|a DLC
|c DLC
|d DLC
|d BD-DhAAL
|
| 082 |
0 |
0 |
|a 005.7/3
|2 20
|
| 100 |
1 |
|
|a Weiss, Mark Allen.
|
| 245 |
1 |
0 |
|a Data structures and algorithm analysis in C /
|c Mark Allen Weiss.
|
| 250 |
|
|
|a 2nd ed.
|
| 260 |
|
|
|a Menlo Park, Calif. :
|b Addison-Wesley, ;
|a Delhi :
|b Pearson Education,
|c c1997 [Third impression 2006]
|
| 300 |
|
|
|a 526 p. :
|b ill. ;
|c 24 cm.
|
| 504 |
|
|
|a Includes bibliographical references and index.
|
| 541 |
1 |
|
|e 00016435
|
| 650 |
|
0 |
|a C (Computer program language)
|
| 650 |
|
0 |
|a Data structures (Computer science)
|
| 650 |
|
0 |
|a Computer algorithms.
|
| 852 |
4 |
|
|a Ayesha Abed Library
|j General shelf
|
| 999 |
|
|
|c 8872
|d 8872
|
| 952 |
|
|
|0 0
|1 0
|2 ddc
|4 0
|6 005_730000000000000_WEI_2006
|7 0
|9 10812
|a BRACUL
|b BRACUL
|c GEN
|d 2010-06-09
|l 3
|m 15
|o 005.73 WEI
|p 3010016435
|r 2011-01-09
|s 2010-09-22
|t 1
|w 2010-06-09
|y BK
|
| 952 |
|
|
|0 0
|1 0
|2 ddc
|4 0
|6 005_730000000000000_WEI_2010
|7 0
|9 12354
|a BRACUL
|b BRACUL
|c GEN
|d 2010-10-10
|l 6
|m 13
|o 005.73 WEI
|p 3010021178
|r 2022-10-26
|s 2022-10-20
|t 2
|w 2010-10-10
|y BK
|
| 952 |
|
|
|0 0
|1 0
|2 ddc
|4 0
|6 005_730000000000000_WEI
|7 0
|9 17185
|a BRACUL
|b BRACUL
|c GEN
|d 2011-06-15
|l 2
|m 15
|o 005.73 WEI
|p 3010012337
|r 2025-02-22
|s 2024-12-05
|t 3
|w 2011-06-15
|y BK
|x Price not available in Register
|